March Madness 2026 Upsets (1st & 2nd Round) - Statistics

General Stats
  • This quiz has been taken 189 times
  • The average score is 11 of 12
Answer Stats
Hint Winner % Correct
5v12 High Point
97%
8v9 Iowa
97%
1v9 Iowa
97%
8v9 TCU
96%
6v11 Texas
96%
3v11 Texas
96%
6v11 VCU
95%
4v5 St. John's
92%
3v6 Tennessee
88%
7v10 Texas A&M
86%
8v9 St. Louis
85%
8v9 Utah State
82%
No matching quizzes found
Score Distribution
Percent of People with Each Score
Percentile by Number Answered
Your Score History
You have not taken this quiz